000 00855nam a2200277 i 4500
003 EG-GICUC
005 20260412084115.0
008 260412s1982 ru ||||fr|||| 000 0 eng d
040 _a EG-GICUC
_beng
_c EG-GICUC
_d EG-GICUC
_erda
041 0 _aeng
082 0 4 _221
_a341.48
_bMO . H
092 0 4 _221
099 _aLaw1 11 341.48 MO . H 1982
100 1 _aMovchan, Anatoly
_eAuthor.
245 1 4 _aHuman Rights and International Relations /
_cAnatoly Movchan.
264 1 _a Moscow :
_bProgress Publishers,
_c1982..
300 _a244 Pages,
_c18 سم
336 _2rda content
_atext
337 _2rda media
_aComputer
338 _2rda carrier
_aOnline Resource
546 _aText in English
650 1 4 _aPublic international law
856 4 0 _uhttps://fll.law.cu.edu.eg/fulltext/conf/B11-08898.pdf
905 _a48
942 _2ddc
_cBK
_e21
_n0
999 _c70141
_d70141